Administratívny štýl. /

Saved in:
Bibliographic Details
Main Author: Caltíková, Milada (Author)
Format: Book
Language:Slovak
Published: Prešov : Metodické centrum Prešov, 1995
Edition:3. vyd.
Subjects:
ISBN: 8080450056 (brož.)
Physical Description: 30 s.
Tags: Add Tag
No Tags, Be the first to tag this record!

MARC

LEADER 00000nam a2200000 a 4500
001 000045430
003 SVKK
005 19951031000000.0
008 950711s1995 xo e sloo
020 |a 8080450056 (brož.) 
040 |a SVKKK  |b slo  |c SVKKK  |e AACR2 
041 0 |a slo 
044 |a xo  |c SK 
080 |a 82.085(035)  |2 1997 
080 |a 82.081(035)  |2 1997 
100 1 |a Caltíková, Milada  |4 aut 
245 1 0 |a Administratívny štýl. /  |c Milada Caltíková 
250 |a 3. vyd. 
260 |a Prešov :  |b Metodické centrum Prešov,  |c 1995 
300 |a 30 s. 
653 0 |a štýly jazykové  |2 SVKKKPH 
653 0 |a štýl administratívny  |2 SVKKKPH 
653 0 |a príručky metodické  |2 SVKKKPH 
655 7 |a príručky  |2 SVKKKPH 
910 |a svkkk 
919 |a 80-8045-005-6 
974 |a MI  |d 19950921 
974 |a KL  |d 19950918 
974 |a PA  |d 19951031 
998 |a BK 
090 |g SCKHL  |k Sklad Pribinova 3. posch.  |a V.193529  |j 885119  |i 2720107751  |s Absenčne